00329nam a22000977a 4500020001800000082001200018245011100030260002600141300000900167650005500176 a9788195343980 aO33 In2 aIndian Mediapersons Opine: Coverage of Covid-19 Pandemic in India by Western MediacEdited by Pramod Kumar aNew DelhibIIMCc2022 a94P. aCovid19, Corona virus, Pandemic, Media, Journalist